| 000 | 00594nam a2200217Ia 4500 | ||
|---|---|---|---|
| 008 | 160803s9999 xx 000 0 und d | ||
| 020 | _a9780439177023 | ||
| 100 | _aSimmons, Jane | ||
| 245 | _aDaisy and the egg / | ||
| 245 | _cJane Simmons. | ||
| 260 | _aNew York : | ||
| 260 | _bScholastic Inc. | ||
| 260 | _c1998 | ||
| 300 | _a24 pages : | ||
| 300 | _bchiefly color illustrations ; | ||
| 300 | _c13 x 15 cm | ||
| 500 | _aOriginally published: 1999. | ||
| 650 | _aDaisy (Fictitious character : Simmons) -- Pictorial works -- | ||
| 650 | _xJuvenile fiction. | ||
| 700 | _a410 | ||
| 999 |
_c299646 _d299646 |
||